00408nam a2200169Ia 4500008004000000041000800040082001100048100002600059245004700085260003900132650000800171650001100179650000700190650001400197650001500211650001200226210210b1966 xxu||||| |||| 00| 0 eng d aeng a370/30 aINDIA (Government of) aReport of the education commission 1964-66 aDelhibMinistry of educationc1966 athe aReport aof aeducation acommission a1964-66